| 000 | 00518nam a2200157 i 4500 | ||
|---|---|---|---|
| 001 | 146714 | ||
| 003 | ES-MaACL | ||
| 005 | 20230906201637.0 | ||
| 007 | t| | ||
| 008 | 070917s1910 mx |||| | spa d | ||
| 100 | 1 |
_aTrejo Lerdo de Tejada, Carlos. _9111289 |
|
| 245 | 1 | 0 |
_aNuestra verdadera situación política y el Partido Democrático / _cC. Trejo Lerdo de Tejada. |
| 260 |
_aMéxico : _b[Talls. Tip. de "El Tiempo"], _c1910. |
||
| 651 | 4 |
_aMéxico- _xPolítica y gobierno. _9157848 |
|
| 852 |
_aES-MaACL _j1563-F-16 |
||
| 999 |
_c146714 _d146714 |
||